000 00328 a2200169 4500
001 186688
020 _a85-08-05543-9
040 _cMagnum
100 _aOrthof, Sylvia
240 1 0 _aAvoada
_lpor
245 1 0 _aAvoada
300 _a32
362 0 _a1995
440 1 _aÁtica
697 _aLITERATURA INFANTO
942 _cBK
999 _c186688
_d186688